Platonism and Christianity in Late Ancient Cosmology : God, Soul, Matter /
مؤلفون آخرون: ,
التنسيق: كتاب الكتروني
اللغة: English
منشور في:
Leiden ; Boston :
Brill,
2022.
سلاسل:
Ancient Philosophy & Religion ;
9.
الموضوعات:
الوصول للمادة أونلاين: Login to view Source
الوسوم: إضافة وسم
رقم الطلب: N5300
| LEADER | 02323nam a22004818i 4500 | ||
|---|---|---|---|
| 001 | BRILL9789004518469 | ||
| 003 | nllekb | ||
| 005 | 20230305002445.0 | ||
| 006 | m d | ||
| 007 | cr un uuuua | ||
| 008 | 220531s2022 ne sb 001 0 eng d | ||
| 010 | |a 2022024685 | ||
| 020 | |a 9789004518469 |q (electronic book) | ||
| 020 | |a 9789004518308 |q (print) | ||
| 024 | 7 | |a 10.1163/9789004518469 |2 DOI | |
| 035 | |z (OCoLC)1303077369 | ||
| 040 | |a NL-LeKB |c NL-LeKB |e rda | ||
| 050 | 4 | |a N5300 | |
| 072 | 7 | |a HRC |2 bicssc | |
| 072 | 7 | |a REL |x 070000 |2 bisacsh | |
| 082 | 0 | 4 | |a 709 |2 23 |
| 245 | 0 | 0 | |a Platonism and Christianity in Late Ancient Cosmology : |b God, Soul, Matter / |c edited by Johannes Zachhuber and Ana Schiavoni-Palanciuc. |
| 246 | 3 | |a God, Soul, Matter | |
| 264 | 1 | |a Leiden ; |a Boston : |b Brill, |c 2022. | |
| 300 | |a 1 online resource. | ||
| 336 | |a text |b txt |2 rdacontent | ||
| 337 | |a computer |b c |2 rdamedia | ||
| 338 | |a online resource |2 rdacarrier | ||
| 490 | 1 | |a Ancient Philosophy & Religion ; |v 9 | |
| 500 | |a The book breaks new ground by examining ideas about the cosmos, its shape, and its origin in late antiquity. Leading international experts discuss key texts and situate them in their historical environment.Les articles innovants de ce volume examinent les idées sur le cosmos, sa forme et son origine dans l'Antiquité tardive. Des spécialistes internationaux de premier plan présentent des éditions inédites de nouveaux fragments, en approfondissant les textes clés, les situant dans leur cadre historique complexe. | ||
| 504 | |a Includes bibliographical references and index. | ||
| 588 | |a Description based on print version record. | ||
| 650 | 0 | |a Art. | |
| 650 | 0 | |a Art, Medieval |x Historiography. | |
| 650 | 0 | |a Art and history. | |
| 700 | 1 | |a Schiavoni-Palanciuc, Ana, |e editor. | |
| 700 | 1 | |a Zachhuber, Johannes, |e editor. | |
| 776 | 0 | 8 | |i Print version: |t Platonism and Christianity in Late Ancient Cosmology : God, Soul, Matter. |d Leiden ; Boston : Brill, 2022 |z 9789004518308 |w (DLC) 2022024684 |
| 830 | 0 | |a Ancient Philosophy & Religion ; |v 9. | |
| 856 | 4 | |z DOI: |u http://dx.doi.org/10.1163/9789004518469 | |
| 942 | |2 lcc |c EBOOK | ||
| 952 | |0 0 |1 0 |2 lcc |4 0 |6 N5300 |7 1 |9 45689 |a BRILL |b BRILL |d 2023-03-05 |l 0 |o N5300 |r 2023-03-05 00:00:00 |w 2023-03-05 |y EBOOK | ||
| 999 | |c 51589 |d 51589 | ||
